000 00706cam a22002293a 4500
001 4390
003 PGUSA
005 20140828083053.0
008 030801s2003||||xxu|||||s|||||000 | eng d
040 _aPGUSA
_beng
042 _adc
050 4 _aN
100 1 _aTarbell, F. B.
_q(Frank Bigelow),
_d1853-1920
245 1 2 _aA History of Greek Art :
_bWith an Introductory Chapter on Art in Egypt and Mesopotamia
_h[electronic resource] /
_cF. B. Tarbell
260 _bProject Gutenberg,
_c2003
506 _aPublic domain in the USA.
516 _aElectronic text
653 _aArt, Greek -- History
830 0 _aProject Gutenberg
_v4390
856 4 0 _uhttp://www.gutenberg.org/ebooks/4390
942 _cEB
999 _c233719
_d233719